000 00992naa a2200289 c 4500
001 36088
003 ES-MaCES
005 20150724120103.0
008 060303n2005 sp t 000 | spa d
035 _aCES20060003519v
040 _aES-MaCES
_bspa
_cES-MaCES
100 1 _aRodríguez Fernández, María Luz
_922337
245 1 3 _aEl despido disciplinario como situación legal de desempleo
_cMª Luz Rodíguez Fernández
504 _aBibliografía: p.103-104
650 4 _aEspaña
_926964
650 4 _alegislación
_927153
650 4 _aprestaciones por desempleo
_927043
650 4 _adesempleo
_928308
650 4 _adisciplina
_928210
650 4 _adespido
_928352
653 1 0 _aRelaciones laborales-Empleo
650 4 _928300
_apolítica de empleo
773 0 _tDocumentación laboral
_gn. 74 (2005-II){10142 R. 063442}; p. 43-104
_w(ES-MaCES)25160
_938019
902 _aART Artículo de revista
942 _2CES
_cAR
_h2.0.
999 _c36088
_d36088